000 00541nam a2200205Ia 4500
003 OSt
005 20250925110633.0
008 210210b2010 xxu||||| |||| 00| 0 eng d
020 _a9788132105077
040 _cAL
041 _aeng
082 _a332 KOTF
100 _aRajesh Kothari
_958060
245 _aFinancial services in India
_b: concept and application
260 _aNew Delhi
_bSage Publications India Pvt. Limited
_c2010
300 _axv,331p
690 _aFinancial Economics
_958061
906 _a065932
942 _2ddc
_cBK
999 _c147261
_d147261